Theory and problems of differential equations in SI matric units. (Record no. 549964)
[ view plain ]
| 000 -LEADER | |
|---|---|
| fixed length control field | 00393nam a22001337a 4500 |
| 082 ## - DEWEY DECIMAL CLASSIFICATION NUMBER | |
| Classification number | 515.35 |
| Author Mark | AYR |
| -- | L-01, P-48 |
| 100 ## - MAIN ENTRY--PERSONAL NAME | |
| Personal name | Ayres, Frank |
| 9 (RLIN) | 8744 |
| 245 ## - TITLE STATEMENT | |
| Title | Theory and problems of differential equations in SI matric units. |
| 260 ## - PUBLICATION, DISTRIBUTION, ETC. | |
| Place of publication, distribution, etc. | Singapore |
| Name of publisher, distributor, etc. | McGraw-Hill book company |
| 300 ## - PHYSICAL DESCRIPTION | |
| Extent | 295 p. |
| Other physical details | ill. |
| 526 ## - STUDY PROGRAM INFORMATION NOTE | |
| Program name | 0 |
| Interest level | 0 |
| Reading level | 0 |
| Title point value | 515_350000000000000_AYR |
| 650 ## - SUBJECT ADDED ENTRY--TOPICAL TERM | |
| Topical term or geographic name entry element | MCE |
| 9 (RLIN) | 379 |
| 942 ## - ADDED ENTRY ELEMENTS (KOHA) | |
| Source of classification or shelving scheme | |
| Koha item type | Book |
| Withdrawn status | Lost status | Source of classification or shelving scheme | Damaged status | Not for loan | Permanent Location | Current Location | Date acquired | Total Checkouts | Total Renewals | Full call number | Barcode | Date last seen | Date last checked out | Price effective from | Koha item type |
|---|---|---|---|---|---|---|---|---|---|---|---|---|---|---|---|
| Military College of Engineering (MCE) | Military College of Engineering (MCE) | 10/17/2014 | 3 | 1 | 515.35 AYR | MCE-33136 | 06/21/2017 | 05/02/2017 | 10/17/2014 | Book |
